000 00333nam a22001457a 4500
008 221213b ||||| |||| 00| 0 eng d
020 _a9780201058510
041 _aeng
080 _a159.9
082 _a159.9 POL
100 _a25
101 _aPSI
245 _aTHE PSYCHOLOGY OF SYMBOLIC ACTIVITY
_cPOLLIO.R.H
942 _2udc
_cBK
999 _c59173
_d59173